[Event "Benidorm op U2300 06th"]
[Site "Benidorm"]
[Date "2007.12.07"]
[Round "8"]
[White "Ratushny, Vladimir"]
[Black "Olejarczyk, Bogdan"]
[Result "1-0"]
[WhiteElo "2281"]
[BlackElo "2203"]
[PlyCount "55"]
[EventDate "2007.11.30"]
[EventType "swiss"]
[EventRounds "9"]
[EventCountry "ESP"]
[SourceTitle "CBM 121 Extra"]
[Source "ChessBase"]
[SourceDate "2008.01.10"]
[SourceVersion "1"]
[SourceVersionDate "2008.01.10"]
[SourceQuality "1"]

1. e4 c5 2. Nf3 d6 3. d4 cxd4 4. Nxd4 Nf6 5. Nc3 a6 6. Bg5 e6 7. f4 Qb6 8. Nb3 Nc6 9. Qf3 Bd7 10. 0-0-0 0-0-0 11. Bh4 Kb8 12. g4 Be8 13. Bg2 Rc8 14. Kb1 Nd7 15. Bf2 Qc7 16. Qe3 Be7 17. Rhe1 h6 18. Nd5 Qd8 19. Nxe7 Qxe7 20. e5 d5 21. c4 dxc4 22. Bxc6 Rxc6 23. Na5 Qc5 24. Nxc6+ Qxc6 25. Rd6 Qb5 26. Red1 Kc7 27. Qa7 c3 28. Rxd7+ 1-0

[Event "Benidorm op U2300 06th"]
[Site "Benidorm"]
[Date "2007.12.03"]
[Round "4"]
[White "Ratushny, Vladimir"]
[Black "Goormachtigh, Johan"]
[Result "1/2-1/2"]
[WhiteElo "2281"]
[BlackElo "2245"]
[PlyCount "28"]
[EventDate "2007.11.30"]
[EventType "swiss"]
[EventRounds "9"]
[EventCountry "ESP"]
[SourceTitle "CBM 121 Extra"]
[Source "ChessBase"]
[SourceDate "2008.01.10"]
[SourceVersion "1"]
[SourceVersionDate "2008.01.10"]
[SourceQuality "1"]

1. e4 c5 2. Nf3 e6 3. d4 cxd4 4. Nxd4 Nc6 5. Nc3 Qc7 6. Be3 a6 7. Qd2 Nf6 8. 0-0-0 Bb4 9. f3 Ne5 10. Nb3 b5 11. Qd4 Nc6 12. Qb6 Qxb6 13. Bxb6 Bxc3 14. bxc3 d5 1/2-1/2

[Event "Benidorm op U2300 06th"]
[Site "Benidorm"]
[Date "2007.12.02"]
[Round "3"]
[White "Ribes Peris, Alvaro"]
[Black "Ratushny, Vladimir"]
[Result "0-1"]
[WhiteElo "2157"]
[BlackElo "2281"]
[PlyCount "92"]
[EventDate "2007.11.30"]
[EventType "swiss"]
[EventRounds "9"]
[EventCountry "ESP"]
[SourceTitle "CBM 121 Extra"]
[Source "ChessBase"]
[SourceDate "2008.01.10"]
[SourceVersion "1"]
[SourceVersionDate "2008.01.10"]
[SourceQuality "1"]

1. d4 Nf6 2. c4 c5 3. d5 e6 4. Nc3 exd5 5. cxd5 d6 6. e4 g6 7. f4 Bg7 8. Bb5+ Nfd7 9. a4 0-0 10. Nf3 Na6 11. 0-0 Nb4 12. Be3 b6 13. Bf2 Nf6 14. Bh4 Qc7 15. Qd2 Bb7 16. Rad1 a6 17. Bc4 Rae8 18. e5 Nd7 19. e6 Nf6 20. Ng5 Ng4 21. exf7+ Rxf7 22. Nxf7 Bd4+ 23. Kh1 Qxf7 24. Ne2 Ne3 25. Nxd4 Nxc4 26. Qc3 Ne3 27. Nf3 Nbxd5 28. Rxd5 Bxd5 29. Re1 Nf5 30. Bf2 Rxe1+ 31. Qxe1 Bxf3 32. gxf3 Qe7 33. Qd2 Qe6 34. a5 b5 35. Kg2 Qc4 36. h4 Kf7 37. Kh3 d5 38. Bg3 Qf1+ 39. Kh2 Qxf3 40. Bf2 d4 41. b4 Ne3 42. Bxe3 Qxe3 43. f5 gxf5 44. Qa2+ c4 45. Qg2 Qf4+ 46. Kg1 Qg4 0-1

[Event "Vladimir op"]
[Site "Vladimir"]
[Date "2004.08.18"]
[Round "1"]
[White "Ratushny, Vladimir"]
[Black "Rychagov, Andrey"]
[Result "0-1"]
[WhiteElo "2294"]
[BlackElo "2512"]
[PlyCount "70"]
[EventDate "2004.08.18"]
[EventType "swiss"]
[EventRounds "9"]
[EventCountry "RUS"]
[SourceTitle "EXT 2005"]
[Source "ChessBase"]
[SourceDate "2004.11.15"]
[SourceVersion "1"]
[SourceVersionDate "2004.11.15"]
[SourceQuality "1"]

1. e4 c5 2. Nf3 e6 3. d4 cxd4 4. Nxd4 Nc6 5. Nxc6 bxc6 6. c4 e5 7. Bd3 Nf6 8. 0-0 Rb8 9. Qe2 d6 10. b3 Be7 11. Bb2 Nd7 12. Bc3 Nc5 13. Bc2 0-0 14. f4 Bf6 15. f5 d5 16. Bd3 Nxd3 17. Qxd3 dxc4 18. Qxd8 Rxd8 19. bxc4 Ba6 20. Nd2 Bg5 21. Nb3 Be3+ 22. Kh1 f6 23. Na5 Rd3 24. Nxc6 Re8 25. Bb4 Bxc4 26. Rfd1 Kf7 27. a3 Bb5 28. Na5 Red8 29. Rxd3 Rxd3 30. Nb7 Bc6 31. Nd6+ Kg8 32. Re1 a5 33. Bxa5 Bf2 34. Rb1 Rxd6 35. h4 h5 0-1